Представление документа в формате RUSMARC

ПолеНазваниеЗначение
  Тип записи a
  Библиографический уровень m
001 Контрольный номер 2f9a350304d04893b13af39ea7cc7be7
005 Дата корректировки 20260601145555.8
010 Индекс ISBN __
a ISBN 978-5-08-007492-9
b Уточнения в пер.
9 Тираж 3000 экз.
d Цена 549-00
100 Данные общей обработки __
a Данные общей обработки 20260529d2025 bc y0rusy028902 ca
101 Язык документа 0_
a Язык текста rus
102 Страна публикации __
a Страна публикации RU
105 Кодированные данные (монография) __
a Кодированные данные (монография) a z 000ay
181 Поле кодированных данных: вид содержания _0
a Код вида содержания (ISBD) i
181 Поле кодированных данных: вид содержания _0
a Код вида содержания (ISBD) b
182 Поле кодированных данных: тип средства _0
a Код типа средства (ISBD) n
200 Заглавие и сведения об ответственности 1_
a Заглавие Ай да концерт! Или неожиданные приключения
f Первые сведения об ответственности Рина Зенюк
g Последующие сведения об ответственности [иллюстрации Рины Зенюк
e Сведения, относящиеся к заглавию для дошкольного возраста]
203 Вид содержания и тип средства __
a Вид содержания Текст
a Вид содержания Изображение
c Тип средства непосредственные
b Характеристика содержания неподвижное
b Характеристика содержания двухмерное
210 Выходные данные 1_
a Место издания Москва
c Издательство Детская литература
d Дата издания 2025
215 Физическое описание __
a Объем 28, [3] с.
c Иллюстрации/тип воспроизводства цв. ил.
d Формат 27 см
225 Серия 2_
a Серия У нас в Котофеевке
330 Аннотация __
a Аннотация В Котофеевку приезжает знаменитая группа "Ласковый март". Вечером папа Степан и мама Мурка отправляются на концерт и обращаются к бабе Бусе с просьбой присмотреть за котятами. Ну, согласитесь, дело житейское. Но только не для Феди, Васи и Тоси: их ждут настоящие приключения!
333 Примечание о целевом назначении __
a Примечание о целевом назначении 0+
517 Другие варианты заглавия 1_
a Другие варианты заглавия Неожиданные приключения
606 Тематические рубрики __
a Основная рубрика Художественная литература
2 Код системы nlr_sh
606 Тематические рубрики __
2 Код системы nlr_sh
a Основная рубрика Современная русская литература (произведения)
610 Ключевые слова 0_
a Ключевые слова детская литература
610 Ключевые слова 0_
a Ключевые слова русская литература
610 Ключевые слова 0_
a Ключевые слова сказки
610 Ключевые слова 0_
a Ключевые слова сказки для детей
610 Ключевые слова 0_
a Ключевые слова тема животных
610 Ключевые слова 0_
a Ключевые слова животные
610 Ключевые слова 0_
a Ключевые слова тема котов
610 Ключевые слова 0_
a Ключевые слова кошки
610 Ключевые слова 0_
a Ключевые слова приключения
610 Ключевые слова 0_
a Ключевые слова приключения для детей
610 Ключевые слова 0_
a Ключевые слова игры для детей
610 Ключевые слова 0_
a Ключевые слова лабиринты
686 Индексы других классификаций __
2 Код системы rubbks
a Классификационный индекс Д
700 Автор _1
a Фамилия Зенюк
b Имя Р.
g Полное личное имя Рина
4 Код отношения 070
4 Код отношения 440
801 Источник записи _2
b Организация Муниципальное бюджетное учреждение культуры "Централизованная библиотечная система" г. Сургут (Центральная городская библиотека им. А. С. Пушкина)
a Страна RU
c Дата составления 20260529
g Правила каталогизации PSBO
801 Источник записи _1
b Организация Муниципальное бюджетное учреждение культуры "Централизованная библиотечная система" г. Сургут (Центральная городская библиотека им. А. С. Пушкина)
a Страна RU
c Дата составления 20260529
g Правила каталогизации PSBO
852 Данные о местонахождении __
i Авторский знак З-56
j Шифр хранения Д
900 Макрообъекты __
a Макрообъекты Ай да концерт! Или неожиданные приключения. Зенюк, Р., 2025
901 Тип документа __
a Ответственный ООФиК/Волкова
t Тип документа m
901 Тип документа __
a Ответственный 6 партия
903 Характеристики (МАРС) __
a Дата передачи 20260529
c Наименование библиотеки (МАРС) Муниципальное бюджетное учреждение культуры "Централизованная библиотечная система" г. Сургут (Центральная городская библиотека им. А. С. Пушкина)
969 Тип издания __
a Тип издания брошюра
a Тип издания издание для детей
a Тип издания Ф 26
990 Данные о заказе (DOS) __
j Количество экземпляров (DOS) 5
t N записи в КСУ для И/У (DOS) 202606